Т. III; Избранные труды

Manylion Llyfryddiaeth
Parent link:Избранные труды/ Ф. Ю. Левинсон-Лессинг; Академия наук СССР (АН СССР). Т. III.— , 1949-
Awduron Eraill: Белянкин Д. С. Дмитрий Степанович (редактор)
Iaith:Rwseg
Cyhoeddwyd: 1952
Pynciau:
Fformat: Llyfr
KOHA link:https://koha.lib.tpu.ru/cgi-bin/koha/opac-detail.pl?biblionumber=136535

MARC

LEADER 00000nam2a2200000 4500
001 136535
005 20231101220626.0
035 |a (RuTPU)RU\TPU\book\147977 
090 |a 136535 
100 |a 20080424d1952 k y0rusy50 ca 
101 0 |a rus 
102 |a RU 
105 |a a z 001zd 
200 0 |a Т. III  |f под ред. Д. С. Белянкина 
210 |d 1952 
215 |a 442 с.  |c ил. 
317 |5 63413507: КР-546  |a Поступила в НТБ в 2004 г. в составе книжного собрания профессора ТПИ К. В. Радугина 
320 |a Библиогр. в конце ст. 
461 1 |0 (RuTPU)RU\TPU\book\150668  |t Избранные труды  |f Ф. Ю. Левинсон-Лессинг  |g Академия наук СССР (АН СССР)  |v Т. III  |d 1949- 
600 1 |a Докучаев  |g Василий Васильевич  |c естествоиспытатель  |c профессор Петербургского университета  |f 1846-1903  |b В. В.  |2 stltpush  |3 (RuTPU)RU\TPU\pers\1167 
600 1 |a Глинка  |b К. Д.  |c российский почвовед  |f 1867-1927  |g Константин Дмитриевич  |2 stltpush  |3 (RuTPU)RU\TPU\pers\8748  |9 1684 
600 1 |a Иностранцев  |b А. А.  |c петрограф  |c палеонтолог  |f 1843-1919  |g Александр Александрович  |2 stltpush  |3 (RuTPU)RU\TPU\pers\22066  |9 9347 
600 1 |a Жемчужный  |b С. Ф.  |c химик  |c металлограф  |f 1873-1929  |g Сергей Федорович  |2 stltpush  |3 (RuTPU)RU\TPU\pers\22068  |9 9349 
600 1 |a Соломко-Сотириадис  |b Е. В.  |c петрограф  |c палеонтолог  |f 1862-1898  |g Евгения Викторовна  |2 stltpush  |3 (RuTPU)RU\TPU\pers\22070  |9 9351 
600 1 |a Павлова  |b М. В.  |c российский геолог  |f 1854-1938  |g Мария Васильевна  |2 stltpush  |3 (RuTPU)RU\TPU\pers\11455  |9 2649 
600 1 |a Цветаева  |b М. К.  |c геолог  |c палеонтолог  |f 1854-?  |g Мария Кузьминишна  |2 stltpush  |3 (RuTPU)RU\TPU\pers\22071  |9 9352 
606 1 |a Петрография  |2 stltpush  |3 (RuTPU)RU\TPU\subj\48701  |9 67549 
610 1 |a геология 
610 1 |a эффузивные породы 
610 1 |a СССР 
610 1 |a железные руды 
610 1 |a библиотека К. В. Радугина 
610 1 |a горные породы 
675 |a 552  |v 3 
702 1 |a Белянкин  |b Д. С.  |c академик АН СССР  |c геолог  |c минералог  |c петрограф  |c физикохимик  |f 1876-1953  |g Дмитрий Степанович  |2 stltpush  |3 (RuTPU)RU\TPU\pers\22056  |4 340  |9 9337 
801 1 |a RU  |b 63413507  |c 20080424  |g PSBO 
801 2 |a RU  |b 63413507  |c 20210301  |g PSBO 
942 |c BK